<?xml version="1.0" encoding="UTF-8"?>
<record
    xmlns:xsi="http://www.w3.org/2001/XMLSchema-instance"
    xsi:schemaLocation="http://www.loc.gov/MARC21/slim http://www.loc.gov/standards/marcxml/schema/MARC21slim.xsd"
    xmlns="http://www.loc.gov/MARC21/slim">

  <leader>02033agaaa2200337   4500</leader>
  <controlfield tag="001">6907</controlfield>
  <controlfield tag="003">IT-RoPAU</controlfield>
  <controlfield tag="005">20220918181229.0</controlfield>
  <controlfield tag="007">d cvaizq</controlfield>
  <controlfield tag="008">50131s9999||||xx ||| |     ||   ||und||</controlfield>
  <datafield tag="040" ind1=" " ind2=" ">
    <subfield code="a">IT-RoPAU</subfield>
    <subfield code="c">IT-RoPAU</subfield>
  </datafield>
  <datafield tag="041" ind1=" " ind2=" ">
    <subfield code="a">ITALIANO</subfield>
  </datafield>
  <datafield tag="100" ind1=" " ind2=" ">
    <subfield code="a">Aldrich Robert</subfield>
    <subfield code="g">Codice regista SPICS: 1438</subfield>
    <subfield code="9">39755</subfield>
  </datafield>
  <datafield tag="130" ind1=" " ind2=" ">
    <subfield code="a">QUELLA SPORCA DOZZINA</subfield>
    <subfield code="9">39756</subfield>
  </datafield>
  <datafield tag="240" ind1=" " ind2=" ">
    <subfield code="a">DIRTY DOZEN (THE)</subfield>
    <subfield code="g">T0204</subfield>
  </datafield>
  <datafield tag="245" ind1=" " ind2=" ">
    <subfield code="a">QUELLA SPORCA DOZZINA</subfield>
    <subfield code="c">Prodotto da: Hyman Kenneth -- Sceneggiatura: Jhonson Nunnally Heller Lukas -- Diretto da: Aldrich Robert</subfield>
    <subfield code="p">QUELLA SPORCA DOZZINA (Rif. Codice opera principale : H6907)</subfield>
  </datafield>
  <datafield tag="246" ind1=" " ind2=" ">
    <subfield code="a">DIRTY DOZEN (THE)</subfield>
  </datafield>
  <datafield tag="250" ind1=" " ind2=" ">
    <subfield code="a">Edizione Standard</subfield>
  </datafield>
  <datafield tag="260" ind1=" " ind2=" ">
    <subfield code="a">USA (UK - USA)</subfield>
    <subfield code="b">METRO GOLDWYN MAYER / Distribuzione: PANORAMA</subfield>
    <subfield code="g">"1967 (1&#xB0; ed.: 2006 ; Ed. Lingua Orig.: 1967)"</subfield>
  </datafield>
  <datafield tag="300" ind1=" " ind2=" ">
    <subfield code="a">DVD</subfield>
    <subfield code="b">sonoro, col.</subfield>
    <subfield code="c">143 minuti</subfield>
  </datafield>
  <datafield tag="508" ind1=" " ind2=" ">
    <subfield code="a">"Fotografia: Scaife Edward; Montaggio: Luciano Michael; Musica: De Vol ; Sceneggiatura: Jhonson Nunnally Heller Lukas; Scenografia: Hutchinson W.E.; "</subfield>
  </datafield>
  <datafield tag="511" ind1=" " ind2=" ">
    <subfield code="a">"Marvin Lee; Borgnine Ernest; Bronson Charles; Brown Jim; Cassavetes John; Kennedy G."</subfield>
  </datafield>
  <datafield tag="520" ind1=" " ind2=" ">
    <subfield code="a">"NELL'IMMINENZA DELLO SBARCO IN NORMANDIA, IL COMANDO SUPREMO DELL'ESERCITOAMERICANO AFFIDA AL MAGGIORE JOHN REISMAN L'INCARICO DI ORGANIZZARE UN COMMANDO, COMPOSTO DA 12 MILITARI CONDANNATI ALLA PENA CAPITALE O A TRENT'ANNIDI GALERA, PER FAR SALTARE IN ARIA UN CASTELLO, SITUATO NELLA FRANCIA OCCUPATA DAI NAZISTI, NEL QUALE ALTI UFFICIALI TEDESCHI SONO SOLITI RADUNARSI IN GRAN NUMERO... VINCITORE DI UN OSCAR PER GLI EFFETTI SONORI. INSERTI SPECIALI: SPECIALI OPERATION DIRTY DOZEN; TRAILER CINEMATOGRAFICO."</subfield>
  </datafield>
  <datafield tag="538" ind1=" " ind2=" ">
    <subfield code="a">PAL, STEREO</subfield>
  </datafield>
  <datafield tag="546" ind1=" " ind2=" ">
    <subfield code="a">ITALIANO</subfield>
  </datafield>
  <datafield tag="650" ind1=" " ind2=" ">
    <subfield code="a">GUERRA</subfield>
    <subfield code="e">DVD-FILM [DVD]</subfield>
    <subfield code="x">Codice MATERIA SPICS: 9947</subfield>
    <subfield code="9">36913</subfield>
  </datafield>
  <datafield tag="700" ind1=" " ind2=" ">
    <subfield code="a">Aldrich Robert </subfield>
    <subfield code="e">(regista)</subfield>
    <subfield code="g">Codice regista SPICS: 1438</subfield>
    <subfield code="9">39757</subfield>
  </datafield>
  <datafield tag="700" ind1=" " ind2=" ">
    <subfield code="a">De Vol </subfield>
    <subfield code="e">(musica)</subfield>
    <subfield code="g">Codice Musica SPICS: 19696</subfield>
    <subfield code="9">39758</subfield>
  </datafield>
  <datafield tag="700" ind1=" " ind2=" ">
    <subfield code="a">Nathanson E.M. </subfield>
    <subfield code="e">(soggetto)</subfield>
    <subfield code="g">Codice Soggetto SPICS: 58750</subfield>
    <subfield code="9">39759</subfield>
  </datafield>
  <datafield tag="942" ind1=" " ind2=" ">
    <subfield code="c">DV</subfield>
    <subfield code="2">ddc</subfield>
  </datafield>
  <datafield tag="999" ind1=" " ind2=" ">
    <subfield code="c">105149</subfield>
    <subfield code="d">105149</subfield>
  </datafield>
  <datafield tag="952" ind1=" " ind2=" ">
    <subfield code="0">0</subfield>
    <subfield code="1">0</subfield>
    <subfield code="4">0</subfield>
    <subfield code="6">H_6907_000000000000000</subfield>
    <subfield code="7">1</subfield>
    <subfield code="a">SPICS</subfield>
    <subfield code="b">SPICS</subfield>
    <subfield code="d">2015-01-31</subfield>
    <subfield code="l">0</subfield>
    <subfield code="o">H6907</subfield>
    <subfield code="r">2015-01-31 00:00:00</subfield>
    <subfield code="w">2015-01-31</subfield>
    <subfield code="y">DV</subfield>
    <subfield code="z">Progr. Ins.: 3495 / N.Vol.:1 / Copie: 1 / Pag.:0 / Copia rara: n.d. / date import: 1.2.2015 / By Epidotti, Trombetti, Vaglietti</subfield>
  </datafield>
</record>
